000 00555nam a2200181Ia 4500
999 _c3482
_d3482
003 OSt
005 20201110093127.0
008 190216s9999||||xx |||||||||||||| ||und||
020 _a9788122267786
040 _coclc
082 _a541.35
_bSIN/P
100 _aSingh, Jagdamba
_94074
245 0 _aPhotochemistry And Pericyclic Reactions /
_cJagdamba Singh ; Jaya Singh
260 _bNew Age International Publishers,
_c2010.
_aNew Delhi:
300 _a455p
650 _aChemistry
942 _cBK
_2ddc
_h541.35
_iSIN/P
_k541.35
_mSIN/P